| 000 | 01154cam a2200277 4500 | ||
|---|---|---|---|
| 008 | 041028n2004 000 0 eng u | ||
| 020 | _a1903208661 | ||
| 035 | _a(Sirsi) u127851 | ||
| 041 | _aeng | ||
| 050 |
_a306.76 _c18 |
||
| 100 | _aBlackaby, Bob | ||
| 245 |
_aCommunity cohesion and housing _ba good practice guide |
||
| 260 |
_aCoventry _bCIH _c2004 |
||
| 300 |
_avi, 98p. _c23cm. |
||
| 350 | _a20 | ||
| 520 | _aAimed at local authorities, housing associations, and other agencies, this guide explains how to promote community cohesion. Provides chapters on: the background and legislative framework; community cohesion and housing strategies; creating mixed neighbourhoods; creating strong and positive relationships within neighbourhoods; investing for cohesive neighbourhoods; and roles and responsibilities. References. | ||
| 650 | _aCOMMUNITY HOUSING | ||
| 650 | _aRACE RELATIONS | ||
| 650 | _aNEIGHBOURHOOD RENEWAL | ||
| 650 | _aHOUSING MANAGEMENT | ||
| 650 | _aHOUSING ASSOCIATIONS | ||
| 690 |
_aAffordable housing _96215 |
||
| 710 |
_aChartered Institute of Housing _92394 |
||
| 710 | _aHousing Corporation | ||
| 942 | _n0 | ||
| 999 |
_c103827 _d103827 |
||